000
00273nam a22001097a 4500
008
170117b xxu||||| |||| 00| 0 eng d
020
_a
9780834207899
041
_a
eng
080
_a
618.2
245
_a
CASE STUDIES IN NURSING CASE MANAGEMENT
_c
BLANCETT, S.S
942
_2
udc
_c
BK
999
_c
3005
_d
3005